| 000 | 00814cam a22002531i 4500 | ||
|---|---|---|---|
| 001 | 10211260 | ||
| 003 | SISC | ||
| 005 | 20160216101557.0 | ||
| 008 | 751016s1945 inuaf 000 0 eng | ||
| 010 | _a 45009842 | ||
| 035 | _a(OCoLC)1708158 | ||
| 040 |
_aDLC _cFJ _dOCoLC _dO _dDLC |
||
| 042 | _apremarc | ||
| 050 | 0 | 0 |
_aQL 795 _b.C187 1972 |
| 082 |
_aHS 170.44 _bC15 1972 |
||
| 100 | 1 |
_aCampbell, Sam _910232 |
|
| 245 | 1 | 0 |
_aEeny, Meeny, Miney, Mo-and Still-Mo : _blessons in living from five frisky red squirrels / _cSam Campbell ... ; illustrated by Will Forrest. |
| 260 |
_aCalifornia ; _aOntarion : _bPacific Press, _cc1972. |
||
| 300 |
_a237 p. : _bill. ; _c20 cm. |
||
| 650 | 0 |
_aSquirrels _vAnecdotes. _910233 |
|
| 906 |
_a7 _bcbc _coclcrpl _du _encip _f19 _gy-gencatlg |
||
| 942 |
_2lcc _cBK |
||
| 999 |
_c8563 _d8563 |
||